Geometry Dash All-Time Players - Statistics

General Stats
  • This quiz has been taken 50 times
    42 since last reset
  • The average score is 15 of 45
Answer Stats
Hint Answer % Correct
Creator of the game RobTop
100%
Most important moderator Viprin
66%
Famous creator, author of the first rated level Darnoc
52%
Balding oldman EricVanWilderman
48%
Canadian creator known for creating many impossible levels, such as original Slaughterhouse, later created rewamped version of it, which became the top-1 for a long time IcEDCave
48%
Legendary player known for making triple spike jumps Michigun
48%
One of the best players of all time, verifier of Bloodbath Riot
48%
Creator of Nine Circles Zobros
48%
Famous cheater, creator of Sonic Wave Cyclic
45%
Doogie Doggie
45%
Egyptian player, host of Limbo. Pyramid MindCap
45%
Cheater, creator of Sakupen Hell Noobas
45%
Infamous british cheater, loves birds SpaceUK
45%
He verified Sonic Wave and Death Corridor Z Sunix
45%
American player, verifier of Firework, also the first victor of both Tidal Wave, KOCMOC and Abyss of Darkness Trick
45%
His rivalry, verifier of Amethyst wPopoff
45%
Best player of modern time, Canadian, verified many current Top-15s Zoink
45%
Famous british player, verifier of Abyss of Darkness Cursed
41%
American creator known for many unique levels such as XO, hi, Black Blizzard KrmaL
41%
GD Cologne Colon
38%
He verified Sakupen Circles Diamond
38%
Bloodlust verifier knobbelboy
38%
First ever player to complete Top-75 list nSwish
38%
Creator of many Silent levels Sailent
38%
One of the earliest known cheaters, took part in the legendary demon Collaboration saRy
38%
Created many levels, mostly v2 versions of the official ones Neptune
34%
He actually verefied the level from above TrusTa
31%
Korean creator, known for his original style and basic and difficult level series dorabae
28%
Famous creator, author of The Jawbreaker and Speed Racer, also has a part in Supersonic, UltraSonic and The Ultimate Phase ZenthicAlpha
28%
One of the earliest big creator, considered one of the best all-time, implemented many pillars of level creation, korean FunnyGame
24%
Famous cheater who hacked Sakupen Hell, Yatagarasu and Zaphkiel NoctaFly
24%
American player, first victor of Bloodbath Quasar
24%
Creator of Cataclysm Ggb0y
21%
Creator of original Death Corridor KaotikJumper
21%
Author of the original The Hell series Sohn0924
21%
Famous swedish creator who reconstructed Element 111 Rg and also made many GD history videos Stormfly
21%
Created Silent Circles with the above Cyrillic
17%
Creator of famous demon Element 111 Rg DarkX
17%
Creator of PG Clubstep pg1004
17%
Infamous cheater - star grinder from the earliest days, later faked his death 3xoTiC
10%
Rival of the above two, did not cheat though LunarSimg
10%
Creator of famous demon Extreme Park Rabbitical
10%
Popular finnish creator, mostly known for collaborations with Viprin Glittershroom
7%
Australian creator who cut his hands after being kicked from GeoStorm team TriAxis
7%
For brief period of time, was at the top of the leaderboard on top of two previous players zNymo98
3%
No matching quizzes found
Score Distribution
Percent of People with Each Score
Percentile by Number Answered
Your Score History
You have not taken this quiz since the last reset